<?xml version="1.0" encoding="UTF-8"?>
<record
    xmlns:xsi="http://www.w3.org/2001/XMLSchema-instance"
    xsi:schemaLocation="http://www.loc.gov/MARC21/slim http://www.loc.gov/standards/marcxml/schema/MARC21slim.xsd"
    xmlns="http://www.loc.gov/MARC21/slim">

  <leader>00908nam a22001577a 4500</leader>
  <controlfield tag="003">OSt</controlfield>
  <controlfield tag="005">20151231094250.0</controlfield>
  <controlfield tag="008">151231b        xxu||||| |||| 00| 0 eng d</controlfield>
  <datafield tag="040" ind1=" " ind2=" ">
    <subfield code="c">RUA</subfield>
  </datafield>
  <datafield tag="082" ind1=" " ind2=" ">
    <subfield code="a">LMA LIM 2007 B295 Or.1</subfield>
  </datafield>
  <datafield tag="100" ind1=" " ind2=" ">
    <subfield code="9">5833</subfield>
    <subfield code="a">LIM, YMENG.</subfield>
  </datafield>
  <datafield tag="245" ind1=" " ind2=" ">
    <subfield code="a">study on land use change by using gis application in tboung krapeu commune, stuensaen district, kampong thom province on 1992 and 2007 (&#x179F;&#x17B7;&#x1780;&#x17D2;&#x179F;&#x17B6;&#x1796;&#x17B8;&#x1797;&#x17B6;&#x1796;&#x1794;&#x17D2;&#x179A;&#x17C2;&#x1794;&#x17D2;&#x179A;&#x17BD;&#x179B;&#x1793;&#x17C3;&#x1780;&#x17B6;&#x179A;&#x1794;&#x17D2;&#x179A;&#x17BE;&#x1794;&#x17D2;&#x179A;&#x17B6;&#x179F;&#x17CB;&#x178A;&#x17B8;&#x1792;&#x17D2;&#x179B;&#x17B8;&#x178A;&#x17C4;&#x1799;&#x1794;&#x17D2;&#x179A;&#x17BE;&#x1794;&#x17D2;&#x179A;&#x1796;&#x17D0;&#x1793;&#x17D2;&#x1792;&#x1796;&#x17D0;&#x178F;&#x1798;&#x17B6;&#x1793;&#x1797;&#x17BC;&#x1798;&#x17B7;&#x179F;&#x17B6;&#x179F;&#x17D2;&#x179A;&#x17D2;&#x178F; &#x1793;&#x17C5;&#x1783;&#x17BB;&#x17C6;&#x178F;&#x17D2;&#x1794;&#x17BC;&#x1784;&#x1780;&#x17D2;&#x179A;&#x1796;&#x17BE; &#x179F;&#x17D2;&#x179A;&#x17BB;&#x1780;&#x179F;&#x17D2;&#x1791;&#x17B9;&#x1784;&#x179F;&#x17C2;&#x1793; &#x1781;&#x17C1;&#x178F;&#x17D2;&#x178F;&#x1780;&#x17C6;&#x1796;&#x1784;&#x17CB;&#x1792;&#x17C6;&#x1780;&#x17D2;&#x1793;&#x17BB;&#x1784; &#x1786;&#x17D2;&#x1793;&#x17C6;&#x17B6; &#x17E1;&#x17E9;&#x17E9;&#x17E2; &#x1793;&#x17B7;&#x1784; &#x17E2;&#x17E0;&#x17E0;&#x17E7;)</subfield>
  </datafield>
  <datafield tag="260" ind1=" " ind2=" ">
    <subfield code="a">Phnom Penh</subfield>
    <subfield code="b">RUA</subfield>
    <subfield code="c">2007</subfield>
  </datafield>
  <datafield tag="300" ind1=" " ind2=" ">
    <subfield code="a">ix, 52p.</subfield>
    <subfield code="b">ill.</subfield>
    <subfield code="c">29cm.</subfield>
  </datafield>
  <datafield tag="942" ind1=" " ind2=" ">
    <subfield code="2">ddc</subfield>
    <subfield code="c">LMA</subfield>
  </datafield>
  <datafield tag="999" ind1=" " ind2=" ">
    <subfield code="c">5432</subfield>
    <subfield code="d">5432</subfield>
  </datafield>
  <datafield tag="952" ind1=" " ind2=" ">
    <subfield code="0">0</subfield>
    <subfield code="1">0</subfield>
    <subfield code="2">ddc</subfield>
    <subfield code="4">0</subfield>
    <subfield code="6">LMA_LIM_2007_000000000000000_B295_OR_1</subfield>
    <subfield code="7">0</subfield>
    <subfield code="9">29256</subfield>
    <subfield code="a">LBB</subfield>
    <subfield code="b">LBB</subfield>
    <subfield code="c">B295</subfield>
    <subfield code="d">2015-12-31</subfield>
    <subfield code="l">2</subfield>
    <subfield code="o">LMA LIM 2007 B295 Or.1</subfield>
    <subfield code="p">RUA025023</subfield>
    <subfield code="r">2023-05-17</subfield>
    <subfield code="s">2023-04-25</subfield>
    <subfield code="w">2015-12-31</subfield>
    <subfield code="y">LMA</subfield>
  </datafield>
  <datafield tag="952" ind1=" " ind2=" ">
    <subfield code="0">0</subfield>
    <subfield code="1">0</subfield>
    <subfield code="2">ddc</subfield>
    <subfield code="4">0</subfield>
    <subfield code="6">LMA_LIM_2007_000000000000000_B295_OR_2</subfield>
    <subfield code="7">0</subfield>
    <subfield code="9">29257</subfield>
    <subfield code="a">LBB</subfield>
    <subfield code="b">LBB</subfield>
    <subfield code="c">B295</subfield>
    <subfield code="d">2015-12-31</subfield>
    <subfield code="l">5</subfield>
    <subfield code="o">LMA LIM 2007 B295 Or.2</subfield>
    <subfield code="p">RUA025095</subfield>
    <subfield code="r">2022-01-19</subfield>
    <subfield code="s">2021-11-16</subfield>
    <subfield code="w">2015-12-31</subfield>
    <subfield code="y">LMA</subfield>
  </datafield>
  <datafield tag="952" ind1=" " ind2=" ">
    <subfield code="0">0</subfield>
    <subfield code="1">0</subfield>
    <subfield code="2">ddc</subfield>
    <subfield code="4">0</subfield>
    <subfield code="6">LMA_LIM_2007_000000000000000_B295_OR_3</subfield>
    <subfield code="7">0</subfield>
    <subfield code="9">29258</subfield>
    <subfield code="a">LBB</subfield>
    <subfield code="b">LBB</subfield>
    <subfield code="c">B295</subfield>
    <subfield code="d">2015-12-31</subfield>
    <subfield code="l">3</subfield>
    <subfield code="o">LMA LIM 2007 B295 Or.3</subfield>
    <subfield code="p">RUA018872</subfield>
    <subfield code="r">2020-10-23</subfield>
    <subfield code="s">2020-10-02</subfield>
    <subfield code="w">2015-12-31</subfield>
    <subfield code="y">LMA</subfield>
  </datafield>
  <datafield tag="952" ind1=" " ind2=" ">
    <subfield code="0">0</subfield>
    <subfield code="1">0</subfield>
    <subfield code="2">ddc</subfield>
    <subfield code="4">0</subfield>
    <subfield code="6">LMA_LIM_2007_000000000000000_B295_OR_4</subfield>
    <subfield code="7">0</subfield>
    <subfield code="9">29259</subfield>
    <subfield code="a">LBB</subfield>
    <subfield code="b">LBB</subfield>
    <subfield code="c">B295</subfield>
    <subfield code="d">2015-12-31</subfield>
    <subfield code="l">2</subfield>
    <subfield code="o">LMA LIM 2007 B295 Or.4</subfield>
    <subfield code="p">RUA018932</subfield>
    <subfield code="r">2017-10-09</subfield>
    <subfield code="s">2017-09-29</subfield>
    <subfield code="w">2015-12-31</subfield>
    <subfield code="y">LMA</subfield>
  </datafield>
  <datafield tag="952" ind1=" " ind2=" ">
    <subfield code="0">0</subfield>
    <subfield code="1">0</subfield>
    <subfield code="2">ddc</subfield>
    <subfield code="4">0</subfield>
    <subfield code="6">LMA_LIM_2007_000000000000000_B295_OR_5</subfield>
    <subfield code="7">0</subfield>
    <subfield code="9">29260</subfield>
    <subfield code="a">LBB</subfield>
    <subfield code="b">LBB</subfield>
    <subfield code="c">B295</subfield>
    <subfield code="d">2015-12-31</subfield>
    <subfield code="l">13</subfield>
    <subfield code="o">LMA LIM 2007 B295 Or.5</subfield>
    <subfield code="p">RUA018907</subfield>
    <subfield code="r">2025-08-11</subfield>
    <subfield code="s">2025-07-10</subfield>
    <subfield code="w">2015-12-31</subfield>
    <subfield code="y">LMA</subfield>
  </datafield>
  <datafield tag="952" ind1=" " ind2=" ">
    <subfield code="0">0</subfield>
    <subfield code="1">0</subfield>
    <subfield code="2">ddc</subfield>
    <subfield code="4">0</subfield>
    <subfield code="6">LMA_LIM_2007_000000000000000_B295_OR_6</subfield>
    <subfield code="7">0</subfield>
    <subfield code="9">29261</subfield>
    <subfield code="a">LBB</subfield>
    <subfield code="b">LBB</subfield>
    <subfield code="c">B295</subfield>
    <subfield code="d">2015-12-31</subfield>
    <subfield code="l">1</subfield>
    <subfield code="o">LMA LIM 2007 B295 Or.6</subfield>
    <subfield code="p">RUA017578</subfield>
    <subfield code="r">2023-03-31</subfield>
    <subfield code="s">2023-03-14</subfield>
    <subfield code="w">2015-12-31</subfield>
    <subfield code="y">LMA</subfield>
  </datafield>
  <datafield tag="952" ind1=" " ind2=" ">
    <subfield code="0">0</subfield>
    <subfield code="1">0</subfield>
    <subfield code="2">ddc</subfield>
    <subfield code="4">0</subfield>
    <subfield code="6">LMA_LIM_2007_000000000000000_B295_OR_7</subfield>
    <subfield code="7">0</subfield>
    <subfield code="9">29262</subfield>
    <subfield code="a">LBB</subfield>
    <subfield code="b">LBB</subfield>
    <subfield code="c">B295</subfield>
    <subfield code="d">2015-12-31</subfield>
    <subfield code="o">LMA LIM 2007 B295 Or.7</subfield>
    <subfield code="p">RUA017245</subfield>
    <subfield code="r">2015-12-31</subfield>
    <subfield code="w">2015-12-31</subfield>
    <subfield code="y">LMA</subfield>
  </datafield>
</record>
